|
|
|
|
| LEADER |
00000nab a2200000 a 4500 |
| 001 |
vtls000148009 |
| 003 |
SK-MaSNL |
| 005 |
20260302205904.0 |
| 008 |
160204c1983 xo 0 slo |
| 015 |
|
|
|a SNBRA19rr/mm-uuuuu
|
| 035 |
|
|
|a CL0158116
|
| 040 |
|
|
|a SNKBUCL
|b slo
|c SNKBUCL
|e AACR2
|
| 041 |
0 |
|
|a slo
|
| 044 |
|
|
|a xo
|c SK
|
| 080 |
|
|
|a 621.926:669-492:62-16
|2 1981
|
| 080 |
|
|
|a 669-492
|2 1981
|
| 080 |
|
|
|a 62-16
|2 1981
|
| 100 |
1 |
|
|a Antal, Štefan,
|d 1937-
|4 aut
|9 7544
|
| 245 |
1 |
0 |
|a Experimentálne zariadenie na drobenie kovových častíc
|c Štefan Antal, Miloslav Horák
|
| 300 |
|
|
|b Obr. 6. Tb. 1. Res. rus., nem., lit. 8 zázn. v slov., ruš., nem., angl.
|
| 650 |
0 |
7 |
|a častice kovové
|2 snkbucl
|9 932261
|
| 655 |
|
7 |
|a články zo zborníkov
|2 snkbucl
|9 166140
|
| 700 |
1 |
|
|a Horák, Miloslav
|4 aut
|9 7545
|
| 773 |
0 |
|
|t Zborník vedeckých prác Strojníckej fakulty Slovenskej vysokej školy technickej v Bratislave 18
|d Bratislava : Alfa, 1983
|g S. 7-19
|
| 850 |
|
|
|a Slovenská národná knižnica v Martine
|a MTA001
|
| 852 |
|
|
|a SNK
|b KIS3GCP
|
| 958 |
|
|
|a NB
|
| 958 |
|
|
|a RK
|
| 992 |
|
|
|a RZB
|
| 999 |
|
|
|c 1479998
|d 1481928
|